| 000 | 00827nam a2200301Ia 4500 | ||
|---|---|---|---|
| 001 | Z_4656 | ||
| 003 | CHAP | ||
| 008 | 220113s2000 xx 000 0 und d | ||
| 010 | _a167731 | ||
| 020 | _a57259-153-6 | ||
| 040 | _cCHAP | ||
| 082 | _a574.192 N45 2000 | ||
| 100 |
_aNelson, David L. _980773 |
||
| 245 |
_aLehninger principles of biochemistry / _cDavid L. Nelson y Michael M. Cox |
||
| 250 | _a3a ed. | ||
| 260 |
_aEstados Unidos de América : _bWorth Publishers, _c2000 |
||
| 300 | _axxix,1152 p. (paginación variada) + 1 cd | ||
| 500 | _aHasta la 2a ed. Lehninger fué el autor | ||
| 503 | _aej.1: 216772 | ||
| 650 |
_aBioquímica _912849 |
||
| 700 |
_aCox, Michael M., coaut. _9141480 |
||
| 901 | _a574.192 N45 2000 | ||
| 902 | _aM | ||
| 910 | _a2000 | ||
| 942 | _c1 | ||
| 942 | _cc1 | ||
| 999 |
_c167731 _d167731 |
||